Statistics for Army General Orders

Click here to take the quiz!

General Stats

  • This quiz has been taken 27 times
  • The average score is 45 of 56

Answer Stats

AnswerGeneral Orders% Correct
a
100%
I1st General Order
100%
I2nd General Order
100%
I3rd General Order
100%
and
91%
and
91%
and
91%
in
91%
in
91%
my
91%
my
91%
my
91%
my
91%
my
91%
my
91%
post
91%
post
91%
relieved
91%
will
91%
will
91%
will
91%
all
82%
guard
82%
manner
82%
military
82%
obey
82%
of
82%
of
82%
of
82%
of
82%
orders
82%
orders
82%
perform
82%
properly
82%
the
82%
the
82%
the
82%
duties
73%
limits
73%
not
73%
only
73%
quit
73%
special
73%
special
73%
when
73%
everything
64%
report
64%
violations
64%
within
64%
anything
55%
commander
55%
covered
55%
emergencies
55%
instructions
55%
to
55%
relief
45%

Score Distribution

Percentile by Number Answered

Percent of People with Each Score

Your Score History

You have not taken this quiz